Normal view MARC view

Entry Uniform Title

Number of records used in: 1

001 - CONTROL NUMBER

  • control field: 28635

003 - CONTROL NUMBER IDENTIFIER

  • control field: dpl

005 - DATE AND TIME OF LATEST TRANSACTION

  • control field: 20110616163925.0

008 - FIXED-LENGTH DATA ELEMENTS

  • fixed length control field: 110616|||a|||||| | ||| d

040 ## - CATALOGING SOURCE

  • Original cataloging agency: dpl
  • Transcribing agency: dpl

130 ## - HEADING--UNIFORM TITLE

  • Uniform title: 26वां संस्क

670 ## - SOURCE DATA FOUND

  • Source citation: Work cat.: (dpl)52694: 747, वस्तुनिष्ठ भौतिकी, 2011

670 ## - SOURCE DATA FOUND

  • Source citation: Work cat.: (dpl)52694: 747, वस्तुनिष्ठ भौतिकी, 2011

© Delhi Public Library
Hit Counter
free hit counter